Word Ladder: Mabel 'Madea' Simmons Quiz Stats

 Plays Quiz Updated May 3, 2016

Challenge
Share
Tweet
Embed
Score 0/13 Timer 01:30
0 Plays Today
Clue 5-Letter Word % Correct
Popular New York newspaperTIMES
96%
'Vision of Love' and 'We Belong Together' singer MariahCAREY
94.6%
To toteCARRY
92.1%
ArrivesCOMES
90.8%
Thick volumesTOMES
89.9%
Person who installs ceramic floors or countersTILER
88.9%
Actor FeldmanCOREY
88.7%
Center partsCORES
87.6%
To deflect, in fencingPARRY
83.7%
• First name of the actor/director/producer who plays Madea Simmons •• TYLER •
83.1%
• Last name of the actor/director/producer who plays Madea Simmons•• PERRY •
80.8%
Seiko competitorTIMEX
74.6%
Brand of bathroom-cleaning productsTILEX
72.3%

Today's Daily Dose

Word Ladder
Homophones Ate

Quick Pick
RGB Colors

On This Day
August 18th II

You're not logged in!

Compare scores with friends on all Sporcle quizzes.
Join for Free
OR
Log In

You Might Also Like...

Show Comments

Extras

Top Quizzes Today


Score Distribution

Your Account Isn't Verified!

In order to create a playlist on Sporcle, you need to verify the email address you used during registration. Go to your Sporcle Settings to finish the process.

Report this User

Report this user for behavior that violates our Community Guidelines.

Details: